1449 1322 1941 1882 1295 1949 1662 1535 1359 1249 1484 1853 1729 1810 1825 1109 1940 1578 1754 1391 1214 1105 1804 1085 1827 1211 1039 1509 1838 1976 1683 1937 1517 1504 1975 1319 1235 1064 1065 1201 1484 1203 1476 1291 1030 1976 1351 1337 1427 1138 1737 1591 1884 1009 1806 1842 1624 1814 1757 1413 1371 1502 1301 1591 1680 1129 1188 1388 1375 1020 1609 1470 1907 1332 1388 1451 1133 1483 1792 1161 1805 1889 1011 1064 1675 1567 1948 1516 1320 1518 1593 1468 1923 1160 1025 1187 1613 1823 1353 BCNSPRNW ULIB Ver.6.0+V

เปลี่ยนเป็นภาษาไทย

Change to English
 แสดงรายละเอียดบรรณานุกรม
  กลับหน้าหลัก

Brief Record : Get Marc (ISO 2709) : E-mail record : QR code < ปิดหน้าต่าง
LEADER : 00000nam 2200000uu 4500
001    13399110964
003     ULIB
008    110614s||||||||th 000 0 tha d
020    9789743239267
050  4 AC158^bว296ศ 2550
100 0  วรากรณ์ สามโกเศศ
245 10 ศาสตร์แห่งความหดหู่และสิ้นหวัง :^bโลกนี้ไม่มีอะไรฟรี ภาค 6/^cวรากรณ์ สามโกเศศ
250    พิมพ์ครั้งที่ 1
260    กรุงเทพฯ :^bมติชน,^c2550
300    228 หน้า ;^c22 ซม.
650  7 เศรษฐศาสตร์
651  7 ไทย^xภาวะเศรษฐกิจ
945    ^p160^l0^i023151
995    ทศพร
999 ^a ใช้งานได้ทุกระบบ
รายการนี้ยังไม่มีแท็ก
คุณยังไม่ได้ล็อกอิน คุณสามารถมีกิจกรรมร่วมกับเว็บไซต์ได้ แต่ต้องล็อกอินก่อน ::
  ล็อกอิน

รายการสื่อสารสนเทศ

ลำดับที่ ประเภท เลขเรียก/บาร์โค้ด สถานที่ สถานะ
- ไม่พบข้อมูล -

รายการใกล้เคียง
    ผู้แต่ง [วรากรณ์ สามโกเศศ]

    หัวเรื่อง [เศรษฐศาสตร์]

BibComment


ยังไม่เคยถูกคอมเมนท์

คอมเมนท์ทรัพยากรรายการนี้
  คอมเมนท์: ศาสตร์แห่งความหดห..


 Copyright 2026. Bcnsprnw @Library